000 00580nam a22001697a 4500
003 UA-OsUOA
001 7857
007 ta
008 20040707b un ||||| |||| 00| 0 ukr d
942 _cSA
040 _aUA-OsUOA
_cUA-OsUOA
_dUA-OsUOA
245 _a"Мости і мілини"
_b[Презентація кн. Я.Поліщука "Мости і мілини" в Рівнен. держ. обл. б-ці]
300 _aС.1
955 _a0
773 0 _w0
_tВісті Рівненщини
_dРівне
_d2004
_g№59/23 черв./
650 7 _aПрезентаії
_2UDC
999 _c294018
_d294018